Vybrané geografické osobitosti Kuby

Geologické pomery a reliéf Kuby, Klíma, vodstvo, rastlinstvo a živočíšstvo Kuby. Obyvateľstvo a sídla, vývoj počtu obyvateľov. Administratívne členenie Kuby. Hospodárstvo Kuby. Štruktúra exportu cukru. Vybrané charakteristiky vývoja cestovného ruchu na Kube.

Na minha lista:
Detalhes bibliográficos
Autor principal: Križan, František
Formato: Capítulo de Livro
Idioma:eslovaco
Assuntos:
Tags: Adicionar Tag
Sem tags, seja o primeiro a adicionar uma tag!

MARC

LEADER 00000naa$a2200000$$$4500
001 0090921
005 20240326125858.9
041 0 |a slo 
044 |a SK 
245 1 0 |a Vybrané geografické osobitosti Kuby  |c František Križan 
520 |a Geologické pomery a reliéf Kuby, Klíma, vodstvo, rastlinstvo a živočíšstvo Kuby. Obyvateľstvo a sídla, vývoj počtu obyvateľov. Administratívne členenie Kuby. Hospodárstvo Kuby. Štruktúra exportu cukru. Vybrané charakteristiky vývoja cestovného ruchu na Kube. 
610 2 0 |a Kuba 
610 2 0 |a geografia 
610 2 0 |a podnebie 
610 2 0 |a obyvateľstvo 
610 2 0 |a situácia hospodárska 
100 1 |a Križan, František